Word Ladder: Famous NES Zapper Game Quiz Stats

 Plays Quiz Updated Jun 13, 2017

Support Sporcle.
Go Orange.
Score 0/11 Timer 01:30
2 Plays Today
Clue 4-Letter Answer % Correct
Daffy or Donald, e.g. DUCK
99.8%
What one may do with an Oreo and milkDUNK
97.4%
Search for wild game HUNT
95.6%
A handsome maleHUNK
94.9%
A useful clueHINT
94.1%
Fail to hit a target MISS!!!
93.8%
The Police song: '___ Stand So Close to Me DON'T
93.4%
To make a dentDINT
86.3%
It's not gathered by a rolling stoneMOSS
86.1%
Multiple mafia bossesDONS
84.9%
Solar system's highest volcano - Olympus ___MONS
81%

Today's Daily Dose

You're not logged in!

Compare scores with friends on all Sporcle quizzes.
OR
Log In
Forgot?

From the Vault

Smallest State Containing Each Letter

by caramba

One of the states should step up and put a 'Q' in their name. New Yorq? Qalifornia?
Remove Ads.
Support Sporcle.
Get the best of Sporcle when you Go Orange. This ad-free experience offers more features, more stats, and more fun while also helping to support Sporcle. Thank you for becoming a member.

Show Comments

Extras

Top Quizzes Today


Score Distribution

Your Account Isn't Verified!

In order to create a playlist on Sporcle, you need to verify the email address you used during registration. Go to your Sporcle Settings to finish the process.

Report this User

Report this user for behavior that violates our Community Guidelines.

Details: